000
00301nam a2200145Ia 4500
100
_a
Harrison/ Guy
942
_c
BK
654
_a
Computer
245
_a
Oracle Desk Reference
260
_b
Prentice Hall
_c
2000
082
_a
005.133'O'
_b
HAR
300
_a
520
546
_a
ENGLISH
999
_c
20962
_d
20962